00392nam a2200133 a 4500020001800000082001300018100001900031245009500050260003800145300000800183500003500191650001300226700001900239 a8190209469 00a294bTHA aThapar, Romila aImagined Religious Communities? Ancient History and the Modern Search for a Hindu Identity aNew Delhi bCritical Quest c2007 a31p aincludes index and biblioraphy aHinduism1 aThapar, Romila